| 000 | 01122cam a22003497a 4500 | ||
|---|---|---|---|
| 001 | 15559805 | ||
| 003 | USPCAS-E | ||
| 005 | 20180118181423.0 | ||
| 008 | 081217s2008 gw a b 001 0 eng | ||
| 010 | _a 2008301341 | ||
| 015 |
_aGBA849250 _2bnb |
||
| 016 | 7 |
_a014568111 _2Uk |
|
| 020 | _a9783527408351 | ||
| 020 | _a3527408355 | ||
| 035 | _a(OCoLC)ocn214309406 | ||
| 040 |
_aUKM _cUKM _dBAKER _dYDXCP _dBTCTA _dBWX _dTXA _dDLC |
||
| 042 |
_aukscp _alccopycat |
||
| 050 | 0 | 0 |
_aQC793.3.F5 _bF73 2008 |
| 082 | 0 | 4 |
_a530.1435 _222 _bFRA-G 2008 |
| 100 | 1 |
_aFrampton, Paul H., _d1943- |
|
| 245 | 1 | 0 |
_aGauge field theories / _cPaul H. Frampton. |
| 250 | _a3rd, enlarged and improved ed. | ||
| 260 |
_aWeinheim : _bWiley-VCH, _cc2008. |
||
| 300 |
_axi, 343 p. : _bill. ; _c25 cm. |
||
| 500 | _aPrevious ed.: New York: Wiley, 2000. | ||
| 502 | _a. | ||
| 504 | _aIncludes bibliographical references and index. | ||
| 650 | 0 | _aGauge fields (Physics) | |
| 906 |
_a7 _bcbc _ccopycat _d2 _encip _f20 _gy-gencatlg |
||
| 942 |
_2ddc _cBK |
||
| 999 |
_c356080 _d356080 |
||